000
00328 a2200145 4500
001
152755
040
_c
Escola São Tomás de Aquino
100
_a
LIZANDRO
240
1
0
_a
Carta para a estrela Catarina.
_l
por
245
1
0
_a
Carta para a estrela Catarina.
362
0
_a
1992
440
1
_a
RHJ
697
_a
Poesia
942
_c
BK
999
_c
152755
_d
152755